The seven habits of highly effective people : (Record no. 217218)
[ view plain ]
| 000 -LEADER | |
|---|---|
| fixed length control field | 00922 a2200229 4500 |
| 003 - CONTROL NUMBER IDENTIFIER | |
| control field | Nust |
| 005 - DATE AND TIME OF LATEST TRANSACTION | |
| control field | 20221221114624.0 |
| 010 ## - LIBRARY OF CONGRESS CONTROL NUMBER | |
| LC control number | 89030464 |
| 020 ## - INTERNATIONAL STANDARD BOOK NUMBER | |
| International Standard Book Number | 0671663984 : |
| 040 ## - CATALOGING SOURCE | |
| Transcribing agency | Nust |
| 082 00 - DEWEY DECIMAL CLASSIFICATION NUMBER | |
| Classification number | 158.22,COV |
| 100 1# - MAIN ENTRY--PERSONAL NAME | |
| Personal name | Covey, Stephen R. |
| 9 (RLIN) | 346 |
| 245 14 - TITLE STATEMENT | |
| Title | The seven habits of highly effective people : |
| Remainder of title | restoring the character ethic / |
| Statement of responsibility, etc. | Stephen R. Covey. |
| 260 ## - PUBLICATION, DISTRIBUTION, ETC. | |
| Place of publication, distribution, etc. | New York : |
| Name of publisher, distributor, etc. | Simon and Schuster, |
| Date of publication, distribution, etc. | c1989. |
| 300 ## - PHYSICAL DESCRIPTION | |
| Extent | 340 p. : |
| Other physical details | ill. ; |
| Dimensions | 25 cm. |
| 505 ## - FORMATTED CONTENTS NOTE | |
| Formatted contents note | Part-1: Paradigms and Principles (Page-13), Part-2: Private Victory (Page-63), Part-3: Public Victory (Page-183), Part-4: Renewal (Page-285). |
| 650 #0 - SUBJECT ADDED ENTRY--TOPICAL TERM | |
| Topical term or geographic name entry element | Character. |
| 9 (RLIN) | 44497 |
| 650 #0 - SUBJECT ADDED ENTRY--TOPICAL TERM | |
| Topical term or geographic name entry element | Success |
| General subdivision | Psychological aspects. |
| 9 (RLIN) | 7705 |
| 856 41 - ELECTRONIC LOCATION AND ACCESS | |
| Materials specified | Sample text |
| Uniform Resource Identifier | <a href="http://www.loc.gov/catdir/enhancements/fy0705/89030464-s.html">http://www.loc.gov/catdir/enhancements/fy0705/89030464-s.html</a> |
| 856 41 - ELECTRONIC LOCATION AND ACCESS | |
| Materials specified | Table of contents only |
| Uniform Resource Identifier | <a href="http://www.loc.gov/catdir/enhancements/fy0705/89030464-t.html">http://www.loc.gov/catdir/enhancements/fy0705/89030464-t.html</a> |
| 942 ## - ADDED ENTRY ELEMENTS (KOHA) | |
| Source of classification or shelving scheme | |
| Koha item type | Book |
| Withdrawn status | Lost status | Source of classification or shelving scheme | Damaged status | Not for loan | Permanent Location | Current Location | Shelving location | Date acquired | Total Checkouts | Total Renewals | Full call number | Barcode | Date last seen | Date last checked out | Price effective from | Koha item type | Public note |
|---|---|---|---|---|---|---|---|---|---|---|---|---|---|---|---|---|---|
| Military College of Signals (MCS) | Military College of Signals (MCS) | General Stacks | 12/12/2016 | 10 | 1 | 158.22,COV | MCS37352 | 11/03/2025 | 10/15/2025 | 12/12/2016 | Book | ||||||
| Military College of Signals (MCS) | Military College of Signals (MCS) | General Stacks | 11/15/2022 | 5 | 158.22,COV | MCS38726 | 12/23/2024 | 11/30/2024 | 11/15/2022 | Book | Almirah No.46, Shelf No.5 |
